| 000 | 00491nam a22001697a 4500 | ||
|---|---|---|---|
| 999 |
_c478360 _d478360 |
||
| 003 | NUST | ||
| 005 | 20180523052717.0 | ||
| 008 | 180523b ||||| |||| 00| 0 eng d | ||
| 020 | _a9780465036677 | ||
| 038 | _aSNS Library | ||
| 082 | _a530.12 | ||
| 100 |
_aLeonard Susskind and Art Friedman _910467 |
||
| 245 |
_aQuantum Mechanics _bThe Theoretical Minimum _cLeonard Susskind and Art Friedman |
||
| 260 |
_aNew York _bBasic Books _c2014 |
||
| 300 |
_a364 p _bHb. |
||
| 942 |
_2ddc _cBK |
||